Najbardziej wartościowi piłkarze Premier League 2022 - Statystyki

Ogólne statystyki
  • Ten quiz został rozwiązany 341 razy
    267 od ostatniego zresetowania
  • Średni wynik to 18 z 40
Statystyki odpowiedzi
Cena Piłkarz % Poprawnych
75 mln Heung-min Son
89%
90 mln Harry Kane
88%
90 mln Mohamed Salah
86%
85 mln Kevin De Bruyne
78%
70 mln Sadio Mane
75%
55 mln Virgil Van Dijk
72%
90 mln Phil Foden
69%
70 mln Raheem Sterling
62%
75 mln Ruben Dias
60%
65 mln Bukayo Saka
58%
60 mln Marcus Rashford
56%
75 mln Mason Mount
55%
85 mln Bruno Fernandes
53%
70 mln Kai Havertz
52%
65 mln Andrew Robertson
51%
50 mln Alisson
50%
80 mln Bernardo Silva
50%
50 mln Gabriel Jesus
49%
65 mln Joao Cancelo
48%
70 mln Jack Grealish
47%
80 mln Rodri
46%
75 mln Jadon Sancho
44%
65 mln Luis Diaz
42%
70 mln Romelu Lukaku
42%
60 mln Reece James
41%
80 mln Declan Rice
40%
80 mln Trent Alexander-Arnold
40%
60 mln Diogo Jota
33%
60 mln Fabinho
33%
48 mln Paul Pogba
31%
48 mln Raphael Varane
25%
48 mln Richarlison
24%
50 mln James Maddison
20%
45 mln Martin Odegaard
18%
55 mln Youri Tielemans
12%
48 mln Cristian Romero
11%
50 mln Kalvin Phillips
11%
45 mln Raphinha
8%
60 mln Wilfred Ndidi
7%
45 mln Tomas Soucek
6%
Nie znaleziono quizów pasujących do podanych kryteriów
Rozkład punktacji
Procent ludzi z każdym wynikiem
Percentyl według liczby udzielonych odpowiedzi
Twoja historia wyników
Nie rozwiązałeś tego quizu od ostatniego zresetowania